000 01223nam a2200313 i 4500
003 OSt
008 221025s2021 enka j 000 1 eng d
020 _a9780241520703
_cRM29.95
_qpaperback
040 _aPPAK
_beng
_cPPAK
_erda
082 0 4 _223
_a823.912
090 0 0 _a823.912
_bJAM
_dK
100 1 _aJames, Montague R.,
_eauthor.
245 1 0 _aGHOST STORIES /
_cM.R. JAMES : RETOLD BY KATE WILLIAMS ; ILLUSTRATED BY TAYLOR DOLAN ; SERIES EDITOR : SORREL PITTS
264 1 _aLondon,
_bPenguin Books,
_c2021
300 _a80 pages :
_bcolour illustrations ;
_c20 cm.
336 _atext
_2rdacontent
337 _aunmediated
_2rdamedia
338 _avolume
_2rdacarrier
490 1 _aPenguin Readers ;
_vLEVEL 3
500 _aIncludes questions and excercises
520 _a"A strange whistle, a dangerous curse, a buried crown and a hotel without a room 13. Don't read these four frightening ghost stories by M. R. James late at night!" -- back cover
650 1 0 _aGhost stories, English
650 2 0 _aChildren's stories, English
700 1 _aWilliams, Kate,
_eauthor.
700 1 _aDolan, Taylor,
_eillustrator.
700 1 _aPitts, Sorrel,
_eeditor.
830 0 _aPenguin readers ;
_nLevel 3
942 _2ddc
_cB
999 _c189695
_d189695